Curso de pintura oriental : una guía práctica y estructurada con todas las técnicas de pintura chinas y del Lejano Oriente /
Obra introductoria a los principios fundamentales del sistema pictórico de la cultura china que, a la vez, ofrece una introducción al gusto y al disfrute de este arte En vista de que la pintura oriental está íntimamente ligada con el arte de la caligrafía, la poesía, la religión y la música, se incl...
Guardado en:
| Autor principal: | |
|---|---|
| Otros autores: | |
| Formato: | Libro |
| Idioma: | Español |
| Publicado: |
España :
Edilupa,
2004, c2004
|
| Temas: | |
| Etiquetas: |
Sin etiquetas, Sé el primero en etiquetar este registro!
|
MARC
| LEADER | 00000nam^a2200000^a^4500 | ||
|---|---|---|---|
| 001 | 000181906 | ||
| 005 | 20250521000000.0 | ||
| 009 | 20260310101950.178 | ||
| 020 | |a 84-96252-22-1 | ||
| 037 | |a Acervo ITESO - Biblioteca | ||
| 041 | |a ESP | ||
| 082 | |a 751. 420951 |b WAN | ||
| 100 | |a Wang, Jia Nan |e (autor) | ||
| 245 | 1 | 0 | |a Curso de pintura oriental : |b una guía práctica y estructurada con todas las técnicas de pintura chinas y del Lejano Oriente / |c J.N. Wang, C. Xiaoli ; ed. de Dawn Young ; pról. de Yang Xin ; tr. por Isabel Marrón Corbalán, Beatriz Román López. |
| 264 | 4 | |a España : |b Edilupa, |c 2004, c2004 | |
| 300 | |a 224 p. | ||
| 336 | |a texto |b txt |2 rdacontenido | ||
| 337 | |a sin mediación |b n |2 rdamedio | ||
| 338 | |a volumen |b nc |2 rdasoporte | ||
| 500 | |a Traducción de: The Complete Oriental Painting Course | ||
| 520 | |a Obra introductoria a los principios fundamentales del sistema pictórico de la cultura china que, a la vez, ofrece una introducción al gusto y al disfrute de este arte En vista de que la pintura oriental está íntimamente ligada con el arte de la caligrafía, la poesía, la religión y la música, se incluyen claves informativas a lo largo del libro para proporcionar el trasfondo cultural para comprender y aprovechar los materiales y los métodos aquí propuestos. | ||
| 649 | |a XX | ||
| 650 | |a Pintura China - |x Técnica | ||
| 650 | |a Pintura China - |x Teoría | ||
| 650 | |a Arte Chino - |x Técnica | ||
| 650 | |a Arte Chino - |x Teoría | ||
| 700 | |a Cai, Xiaoli |e (autor) | ||
| 910 | |a Fondo General | ||
| 920 | |a Impresos - Libros | ||
| 930 | |a Reserva Especial | ||
| 905 | |a 103 | ||
| 901 | |a 0500121603 |b IT1 |c REE |u 20250521 | ||
| 902 | |a https://opac.biblio.iteso.mx/vufind/Record/000181906 | ||